000 00979nam a2200229Ia 4500
001 453
003 GE_BSU
008 181216s||||||||xx |||||||||||||| ||und||
020 _a9789941032516
040 _cGE_BSU
080 _a070(479.22)(09)+811.353.1
100 _aსაღინაძე, რუსუდან
245 _aქართული პერიოდიკისა და პრესის ენის ისტორიიდან (ქუთაისი, XX საუკუნის 10-იანი წლები)
245 _cრედ. მელიქიშვილი დამანა
260 _aთბილისი
260 _c2011
300 _a160 გვ.
541 _h6 ლ.
653 _aქართული პერიოდიკისა და პრესის ენის ისტორიიდან
653 _aქუთაისი, XX საუკუნის 10-იანი წლები
942 _cBK
999 _c34673
_d34673